LEADER 00554nab a2200145 i 4500 001 000000262612 003 CaOOAMICUS 005 20050927000000.0 008 050927n xx uu u0 0und r 013 $a3931 040 $aSeMil$bita 245 13$aLa strada italiana. - 27 c. - Titolo principale dalla prima pagina. 500 $a21 settembre 2005 (N. 1415). 773 0 $t[2005.$dRoma : Società per l'Informazione Religiosa (SIR), stampa 2005.$w()141205 996 $6245$aLa strada italiana. - 27 c. - Titolo principale dalla prima pagina.$9(OLS)http://semarc/title/356105 LEADER 01394nam a2200289 i 4500 001 000000187390 003 CaOOAMICUS 005 20190704110006.0 008 160329s1958 it u000 u fre u 013 $a165457 040 $aSeMil$bita 100 1 $aGarrone, Gabriel Marie,$c.$0(OLS)http://semarc/name/20639 245 12$aL'action Catholique :$bson histoire, sa doctrine, son panorama, son destin /$cMonseigneur Garrone Archevêque de Toulouse. 260 $aParis :$bLibrairie Arthème Fayard,$ccopyr. 1958. 300 $a127 p. ;$c20 cm. 490 0 $aJe sais, je crois ;$v35 490 0 $aJe sais, je crois. 9. partie, Les problèmes du monde et de l'Église 500 $aContiene : Bibliographie. 650 4$aFrancia - Azione Cattolica.$0(OLS)http://semarc/subject/35318 830 0$aJe sais, je crois ;$v35.$0(OLS)http://semarc/title/524 830 0$aJe sais, je crois. 9. partie, Les problèmes du monde et de l'Église.$0(OLS)http://semarc/title/44780 850 $aSeMil 852 $aSeMil$W1$xVenegono$y1$m3F IV 647$j138077$B138077$CSeMilBibl$Z2$F212140 $81 961 $aOmaggio: Altro 996 $6245$aL'action Catholique :$bson histoire, sa doctrine, son panorama, son destin$9(OLS)http://semarc/title/269546 996 $6260$aParis :$bLibrairie Arthème Fayard$9(OLS)http://semarc/publisher/34003